000 00207 a2200097 4500
001 18904
100 _aHall & knight
245 _aHigher algebra
260 _a
_bMacmillan & Co
_c1955
090 _c13993
_d13993
942 _aNUST-CAE
_cM
_c4439
999 _c253977
_d253977